00290pab a2200109 454500008004000000245004700040260000900087300001000096362001200106650005000118773001200168180718b1985 xxu||||| |||| 00| 0 eng d aCentre - state tiesbHegde speaks his mind c1985 a15-17 a5 Aug.. aFederal - State Relations - India - Karnataka aCapital